| 000 | 00735nmc a2200253 a 4500 | ||
|---|---|---|---|
| 003 | AR-BaBNM | ||
| 005 | 20251128203047.0 | ||
| 008 | 136119s1980 ||||||||||||||000 | spa|| | ||
| 040 | _cAR-BaBNM | ||
| 100 | 1 | _aFainholc, Beatriz | |
| 245 | 1 | 0 | _aEducación a distancia |
| 260 |
_aBuenos Aires _bLibrería del Colegio _c1980 |
||
| 300 | 0 |
_a109 p. _bdiagr. |
|
| 490 | 0 | _aBiblioteca nueva pedagogía | |
| 504 | _aBibliografía al final de cada capítulo | ||
| 650 | 4 | _aEDUCACION NO FORMAL | |
| 650 | 4 | _aROL DEL DOCENTE | |
| 650 | 4 | _aTELEVISION EDUCATIVA | |
| 653 | 0 | _aEDUCACION A DISTANCIA | |
| 700 | 1 |
_aManganiello, Ethel María _eprologuista |
|
| 800 | 1 |
_aManganiello, Ethel María _edirector |
|
| 942 | _cBK | ||
| 998 | _csilvi | ||
| 999 |
_c1709 _d1709 |
||